[Event "Kiev Spring op"]
[Site "Kiev"]
[Date "2023.03.27"]
[Round "4"]
[White "Karpinets, Andrian"]
[Black "Dzoba, Demian"]
[Result "1-0"]
[WhiteElo "1398"]
[BlackElo "1692"]
[PlyCount "103"]
[EventDate "2023.03.25"]
[EventType "swiss"]
[EventRounds "9"]
[EventCountry "UKR"]
[SourceTitle "EXT 2024"]
[Source "ChessBase"]
[SourceDate "2023.10.10"]
[SourceVersion "1"]
[SourceVersionDate "2023.10.10"]
[SourceQuality "1"]

1. e4 c5 2. Nf3 Nc6 3. d4 cxd4 4. Nxd4 g6 5. Nc3 Bg7 6. Be3 Nf6 7. f3 0-0 8. Qd2 d5 9. exd5 Nxd5 10. Nxc6 bxc6 11. Bd4 e5 12. Bc5 Re8 13. 0-0-0 Be6 14. Nxd5 Bxd5 15. c4 Be6 16. Qxd8 Rexd8 17. Be2 Bf5 18. b3 Bh6+ 19. Kb2 e4 20. g4 exf3 21. Bxf3 Bg7+ 22. Ka3 Bc2 23. Rxd8+ Rxd8 24. Re1 Bc3 25. Re7 Rd2 26. Re8+ Kg7 27. g5 h5 28. gxh6+ Kh7 29. Bb4 Bxb4+ 30. Kxb4 Kxh6 31. Bxc6 f5 32. Bf3 f4 33. Re2 Rxe2 34. Bxe2 Be4 35. Kc3 f3 36. Bf1 Kg5 37. Kd4 Kf4 38. b4 f2 39. a4 Kf3 40. b5 g5 41. a5 Bc2 42. a6 g4 43. c5 Bd1 44. Kd3 Ba4 45. Kd2 Bxb5 46. Bxb5 Kg2 47. c6 Kxh2 48. c7 g3 49. c8Q g2 50. Qh8+ Kg1 51. Qd4 Kh1 52. Qxf2 1-0

[Event "Kiev Spring op"]
[Site "Kiev"]
[Date "2023.03.26"]
[Round "2"]
[White "Dzoba, Demian"]
[Black "Kutyanina, Maryna"]
[Result "1-0"]
[WhiteElo "1692"]
[BlackElo "1285"]
[PlyCount "89"]
[EventDate "2023.03.25"]
[EventType "swiss"]
[EventRounds "9"]
[EventCountry "UKR"]
[SourceTitle "EXT 2024"]
[Source "ChessBase"]
[SourceDate "2023.10.10"]
[SourceVersion "1"]
[SourceVersionDate "2023.10.10"]
[SourceQuality "1"]

1. c4 e5 2. Nc3 Nf6 3. e4 c6 4. Nf3 d6 5. d3 Nbd7 6. g3 Be7 7. Bg2 Nb6 8. h3 Qc7 9. a4 a5 10. 0-0 0-0 11. Be3 Be6 12. Ng5 Rad8 13. Qb3 Nbd7 14. d4 h6 15. Nxe6 fxe6 16. d5 exd5 17. cxd5 c5 18. Nb5 Qb6 19. Kh1 Nb8 20. f4 Nfd7 21. Bf3 Na6 22. Bg4 Nc7 23. Bxd7 Rxd7 24. fxe5 Nxb5 25. Rxf8+ Bxf8 26. e6 Re7 27. Qxb5 Qxb5 28. axb5 b6 29. Bf4 Re8 30. e5 Rd8 31. exd6 Bxd6 32. Bxd6 Rxd6 33. Rd1 Kf8 34. Kg2 Ke7 35. Kf3 g6 36. Ke4 Rd8 37. Rf1 a4 38. Ke5 Rf8 39. d6+ Ke8 40. d7+ Ke7 41. Rxf8 Kxf8 42. d8Q+ Kg7 43. Qe7+ Kg8 44. Kf6 a3 45. Qg7# 1-0

[Event "Kiev Spring op"]
[Site "Kiev"]
[Date "2021.07.16"]
[Round "8"]
[White "Nechitailo, Nikita"]
[Black "Dzoba, Demian"]
[Result "1-0"]
[WhiteElo "1191"]
[BlackElo "1734"]
[PlyCount "135"]
[EventDate "2021.07.10"]
[EventType "swiss"]
[EventRounds "9"]
[EventCountry "UKR"]
[SourceTitle "EXT 2024"]
[Source "ChessBase"]
[SourceDate "2023.10.10"]
[SourceVersion "1"]
[SourceVersionDate "2023.10.10"]
[SourceQuality "1"]

1. d4 Nf6 2. Bf4 d5 3. e3 Bf5 4. Nf3 c6 5. Nbd2 e6 6. Ne5 Nbd7 7. Be2 Nxe5 8. dxe5 Ne4 9. g4 Bg6 10. h4 h6 11. h5 Bh7 12. Nxe4 Bxe4 13. f3 Bh7 14. c3 Qb6 15. Qb3 Bc5 16. Qxb6 Bxb6 17. Kd2 0-0-0 18. a4 a6 19. b4 Kc7 20. Bg3 c5 21. bxc5 Bxc5 22. f4 Be4 23. Rhf1 Kc6 24. f5 exf5 25. gxf5 Bb6 26. e6 f6 27. Bd3 Rhe8 28. Rg1 Re7 29. Bh4 Ba5 30. Rg4 Bf3 31. Rg3 Bxh5 32. Rag1 d4 33. Rxg7 dxe3+ 34. Kxe3 Rxg7 35. Rxg7 Bxc3 36. Be4+ Kb6 37. Rxb7+ Ka5 38. Rd7 Rb8 39. Bg3 Rb2 40. Bf3 Be8 41. Rd8 Bxa4 42. e7 Bb5 43. e8Q Bxe8 44. Rxe8 Bd2+ 45. Kf2 Bc3+ 46. Re2 Bd4+ 47. Kg2 Kb4 48. Rxb2+ Bxb2 49. Bf4 a5 50. Bxh6 a4 51. Bd5 Kc5 52. Ba2 Kd4 53. Kf3 Ke5 54. Kg4 a3 55. Bf4+ Ke4 56. Bb1+ Kd5 57. Ba2+ Ke4 58. Bb1+ Kd5 59. Kh5 Kc6 60. Kg6 Kd5 61. Bh6 Kd6 62. Kf7 Kd7 63. Bg7 Bc1 64. Bxf6 Bh6 65. Bh4 Kc6 66. Be7 Bc1 67. f6 Kb5 68. Kg6 1-0

[Event "Kiev Spring op"]
[Site "Kiev"]
[Date "2021.07.12"]
[Round "3"]
[White "Dzoba, Demian"]
[Black "Hryshchenko, Kamila"]
[Result "0-1"]
[WhiteElo "1734"]
[BlackElo "2055"]
[PlyCount "76"]
[EventDate "2021.07.10"]
[EventType "swiss"]
[EventRounds "9"]
[EventCountry "UKR"]
[SourceTitle "EXT 2024"]
[Source "ChessBase"]
[SourceDate "2023.10.10"]
[SourceVersion "1"]
[SourceVersionDate "2023.10.10"]
[SourceQuality "1"]

1. d4 d6 2. c4 g6 3. Nf3 Bg7 4. g3 Nd7 5. Bg2 Ngf6 6. 0-0 0-0 7. Nc3 c6 8. e4 e5 9. h3 Qe7 10. Re1 a6 11. a4 a5 12. b3 exd4 13. Nxd4 Nc5 14. Ba3 Nfd7 15. Rb1 Re8 16. f4 Na6 17. Kh2 Nb4 18. Bxb4 axb4 19. Na2 h5 20. Nf3 Nc5 21. e5 dxe5 22. Nxe5 Bf5 23. Rc1 Qc7 24. Nxb4 h4 25. g4 Bxe5 26. fxe5 Rxe5 27. Kh1 Ne4 28. Kg1 Qb6+ 29. Kh2 Qxb4 30. Qd4 Rd5 31. Qa1 Qd6+ 32. Kg1 Rd2 33. Re3 Rxg2+ 34. Kxg2 Qd2+ 35. Kh1 Qxe3 36. gxf5 Qxh3+ 37. Kg1 Qe3+ 38. Kh1 Nf2+ 0-1

[Event "Kiev Spring op"]
[Site "Kiev"]
[Date "2021.07.11"]
[Round "2"]
[White "Yeshchenko, Uliana"]
[Black "Dzoba, Demian"]
[Result "1/2-1/2"]
[WhiteElo "2049"]
[BlackElo "1734"]
[PlyCount "93"]
[EventDate "2021.07.10"]
[EventType "swiss"]
[EventRounds "9"]
[EventCountry "UKR"]
[SourceTitle "EXT 2024"]
[Source "ChessBase"]
[SourceDate "2023.10.10"]
[SourceVersion "1"]
[SourceVersionDate "2023.10.10"]
[SourceQuality "1"]

1. d4 Nf6 2. Nc3 d5 3. Bf4 c6 4. e3 Bf5 5. Nf3 e6 6. Ne5 Bb4 7. g4 Bg6 8. f3 Nfd7 9. h4 Nxe5 10. Bxe5 f6 11. Bxb8 Qxb8 12. Kf2 e5 13. Bd3 Bxd3 14. Qxd3 Bxc3 15. Qxc3 Qc7 16. Qa3 a6 17. Qd3 0-0-0 18. Rae1 Rde8 19. Qd2 exd4 20. Qxd4 Qe5 21. c3 Rhf8 22. e4 dxe4 23. Rxe4 Qxd4+ 24. Rxd4 Re7 25. Rhd1 Rfe8 26. R1d2 Re5 27. Kg3 Re2 28. g5 Rxd2 29. Rxd2 Re6 30. Kg4 g6 31. gxf6 Rxf6 32. f4 Kc7 33. c4 Rf5 34. Re2 Kd7 35. b3 b5 36. cxb5 cxb5 37. b4 Rd5 38. Re3 Rd4 39. a3 Rd5 40. Rc3 Rd1 41. Rg3 Rd5 42. Re3 Rd1 43. Rc3 Rg1+ 44. Kf3 Rf1+ 45. Kg4 Rg1+ 46. Kf3 Rf1+ 47. Kg4 1/2-1/2